<?xml version="1.0" encoding="UTF-8"?>
<record
    xmlns:xsi="http://www.w3.org/2001/XMLSchema-instance"
    xsi:schemaLocation="http://www.loc.gov/MARC21/slim http://www.loc.gov/standards/marcxml/schema/MARC21slim.xsd"
    xmlns="http://www.loc.gov/MARC21/slim">

  <leader>01249nam a22003377a 4500</leader>
  <controlfield tag="001">2925</controlfield>
  <controlfield tag="003">FISKH</controlfield>
  <controlfield tag="005">20240124102855.0</controlfield>
  <controlfield tag="008">240123b        cb ||||| |||| 00| 0 eng d</controlfield>
  <datafield tag="020" ind1=" " ind2=" ">
    <subfield code="a">9781491410660</subfield>
  </datafield>
  <datafield tag="040" ind1=" " ind2=" ">
    <subfield code="a">FISKH</subfield>
    <subfield code="b">eng</subfield>
    <subfield code="c">FISKH</subfield>
    <subfield code="d">FISKH</subfield>
  </datafield>
  <datafield tag="050" ind1=" " ind2=" ">
    <subfield code="a">QC137.W43</subfield>
  </datafield>
  <datafield tag="082" ind1=" " ind2=" ">
    <subfield code="a">531.112</subfield>
  </datafield>
  <datafield tag="100" ind1=" " ind2=" ">
    <subfield code="a">Weakland, Mark</subfield>
  </datafield>
  <datafield tag="245" ind1=" " ind2=" ">
    <subfield code="a">Thud!: Wile E. Coyote :</subfield>
    <subfield code="b"> Experiments with Forces and Motion/</subfield>
    <subfield code="c">by Weakland, Mark : illustrated by Cornia, Christian</subfield>
  </datafield>
  <datafield tag="250" ind1=" " ind2=" ">
    <subfield code="a">Published in 2014</subfield>
  </datafield>
  <datafield tag="260" ind1=" " ind2=" ">
    <subfield code="a">North Mankato :</subfield>
    <subfield code="b">Capstone Press ,</subfield>
    <subfield code="c">2014</subfield>
  </datafield>
  <datafield tag="300" ind1=" " ind2=" ">
    <subfield code="a">32 pages : </subfield>
    <subfield code="b">color illustrations ;</subfield>
    <subfield code="c">24 cm .</subfield>
  </datafield>
  <datafield tag="490" ind1=" " ind2=" ">
    <subfield code="a"> Wile E. Coyote, Physical Science Genius</subfield>
  </datafield>
  <datafield tag="505" ind1=" " ind2=" ">
    <subfield code="a">M 
</subfield>
  </datafield>
  <datafield tag="520" ind1=" " ind2=" ">
    <subfield code="a">"Uses popular cartoon character Wile E. Coyote to demonstrate science concepts involved with forces and motion"--Provided by publisher."--</subfield>
  </datafield>
  <datafield tag="521" ind1="8" ind2=" ">
    <subfield code="a">550 
</subfield>
    <subfield code="b">Lexile 
</subfield>
  </datafield>
  <datafield tag="521" ind1="8" ind2=" ">
    <subfield code="a">M 
</subfield>
    <subfield code="b">Raz-Plus 
</subfield>
  </datafield>
  <datafield tag="600" ind1=" " ind2=" ">
    <subfield code="2">kinematics</subfield>
    <subfield code="v">Juvenile Literature</subfield>
  </datafield>
  <datafield tag="610" ind1=" " ind2=" ">
    <subfield code="2">kinematics-Expirements</subfield>
    <subfield code="v">Juvenile Literature</subfield>
  </datafield>
  <datafield tag="630" ind1=" " ind2=" ">
    <subfield code="v">Juvenile Literature</subfield>
    <subfield code="z">Force and energy</subfield>
  </datafield>
  <datafield tag="648" ind1=" " ind2=" ">
    <subfield code="2">Science projects</subfield>
    <subfield code="v">Juvenile Literature</subfield>
  </datafield>
  <datafield tag="650" ind1=" " ind2=" ">
    <subfield code="2">Wile E.Coyote </subfield>
    <subfield code="v">Juvenile Literature</subfield>
  </datafield>
  <datafield tag="700" ind1=" " ind2=" ">
    <subfield code="a">Cornia, Christian </subfield>
    <subfield code="e">illustrator </subfield>
  </datafield>
  <datafield tag="942" ind1=" " ind2=" ">
    <subfield code="2">ddc</subfield>
    <subfield code="c">BK</subfield>
    <subfield code="n">0</subfield>
  </datafield>
  <datafield tag="999" ind1=" " ind2=" ">
    <subfield code="c">2925</subfield>
    <subfield code="d">2925</subfield>
  </datafield>
  <datafield tag="952" ind1=" " ind2=" ">
    <subfield code="0">0</subfield>
    <subfield code="1">0</subfield>
    <subfield code="2">ddc</subfield>
    <subfield code="4">0</subfield>
    <subfield code="7">0</subfield>
    <subfield code="8">NFIC</subfield>
    <subfield code="a">001</subfield>
    <subfield code="b">001</subfield>
    <subfield code="c">TTP</subfield>
    <subfield code="d">2024-01-23</subfield>
    <subfield code="l">1</subfield>
    <subfield code="o">WEA 531.112 QC137.W43</subfield>
    <subfield code="p">2024-0049</subfield>
    <subfield code="r">2025-04-24 11:00:41</subfield>
    <subfield code="s">2024-02-05</subfield>
    <subfield code="w">2024-01-23</subfield>
    <subfield code="y">BK</subfield>
  </datafield>
</record>
